000 004890000a22001690004500
003 MACL
005 20160113170635.0
008 160113b xxu||||| |||| 00| 0 eng d
040 _aMACL
_cMACL
041 _aEnglish
082 _a954/RAW
100 _aRawlinson, H G
_932066
245 _aIntercourse Between India and The Western World
_bFrom the earliest times to the Fall of Rome
260 _bCambridge University Press
_c1916
650 _aHistory
_932067
942 _cBK
_k954/RAW
_2ddc
999 _c37564
_d37564